000 00435nam a2200169Ia 4500
003 GCL
008 140319s9999 xx 000 0 eng d
040 _aGCL /
_cGCL
082 0 4 _a335.02
_bL M
100 1 _aLOGAN GEORGE M.
245 1 0 _aMORE, THOMAS: UTOPIA /
_cLOGAN GEORGE M.
700 1 _aADAMS, ROBERT M.
260 _a[S.N] :
_bCAMBRIBGE UNIVERSITY PRESS ،
_c1992
300 _a137 P
650 0 4 _aUTOPIAS
942 _2ddc
_cBK
999 _c23971
_d23971